EXPOjournal časopis o veľtrhoch a zahraničnom obchode
Guardado en:
| Formato: | Seriadas |
|---|---|
| Lenguaje: | eslovaco |
| Publicado: |
Bratislava
PhDr. Tatiana Hagarová - Valér
1999
|
| Materias: | |
| Etiquetas: |
Sin Etiquetas, Sea el primero en etiquetar este registro!
|
MARC
| LEADER | 00000nas2a2200000 4500 | ||
|---|---|---|---|
| 001 | s123969 | ||
| 005 | 20231103122530.1 | ||
| 041 | 0 | |a slo | |
| 044 | |a SK | ||
| 245 | 1 | 0 | |a EXPOjournal |b časopis o veľtrhoch a zahraničnom obchode |
| 264 | 1 | |a Bratislava |b PhDr. Tatiana Hagarová - Valér |c 1999 | |
| 300 | |a 1 zv. | ||
| 773 | 0 | |w eu_un_cat*s122248 | |
| 610 | 2 | 0 | |a obchod zahraničný |
| 610 | 2 | 0 | |a veľtrhy |
| 610 | 2 | 0 | |a výstavy |